000 00653nam a2200193 a 4500
001 000048915
005 20201002061516.0
008 190501s2017 dr a r 000 0 spa d
020 _a9789945897975
040 _aDO-SdBNP
_bspa
_cBNPHU
082 _axxxx
_bM671f
100 1 _aMirabal, Yoselman Rodwin,
_d1969-
_952438
245 1 0 _aFamilia :
_bretos y tabúes /
_cYoselman Rodwin Mirabal ; prólogo Faustino Peralta.
260 _aSanto Domingo :
_bProducciones Mirabal,
_c2017.
300 _a140 p. :
_bil. ;
_c23 cm.
500 _aIncluye datos biográficos del autor en las solapas
504 _a137-140
700 1 _aPeralta, Faustino,
_epról.
_976351
999 _c48403
_d48403